[Event "GrandMasters Battle Tournament"]
[Site "Mustafa Kemal Atatürk"]
[Date "2020.06.28"]
[Round "10"]
[White "Choppers"]
[Black "Jitanu"]
[Result "1/2-1/2"]
[WhiteElo "1919"]
[BlackElo "1851"]
[Annotator "TA"]
[PlyCount "115"]
[EventDate "2020.06.28"]
[EventType "swiss (rapid)"]

{[%evp 12,115,28,32,58,52,56,56,56,56,62,61,85,94,89,93,106,95,96,100,95,72,71,47,46,34,41,35,28,28,45,38,42,39,35,50,26,20,54,32,50,26,58,35,74,66,62,64,65,60,63,41,32,36,48,43,54,0,0,0,0,0,0,0,0,0,0,0,0,0,0,0,0,-185,-30,-300,-297,-378,-379,-477,-221,-401,-402,-279,-72,-137,-65,-75,-9,-12,-11,-26,0,0,0,0,0,0,0,0,0,0,0,0,0,0]} 1. d4 Nf6 2. c4 e6 3. Nf3 d5 4. Nc3 c6 5. e3 a6 6. b3 Bb4 7. Bd2 Bd6 {7...0-0 is becoming the main line. D45: Semi-Slav: 5 e3.} 8. c5 Bc7 9. Ne5 $1 Nbd7 {White is slightly better.} 10. f4 {[#]} O-O $146 ({Predecessor:} 10... Ba5 11. Nxd7 Bxd7 12. Bd3 O-O 13. Na4 Bc7 14. Qf3 Be8 15. O-O-O Nd7 16. Kb2 f5 {½-½ (43) Van Bommel,T (1841)-Alvarez Camino,J (1887) LSS email 2014}) 11. Bd3 Nxe5 12. fxe5 ({Reject} 12. dxe5 $6 Nd7 $11) 12... Nd7 13. O-O f5 14. b4 b6 15. a3 a5 16. Qe2 Qe7 17. Kh1 (17. Na4 {is more complex.} b5 18. Nc3 Bb7 19. bxa5 Bxa5 20. a4) 17... axb4 18. axb4 Rxa1 19. Rxa1 bxc5 20. bxc5 Nxe5 21. dxe5 Bxe5 22. Qe1 Qxc5 23. Na4 Qa7 24. Bc3 Bxc3 25. Nxc3 Qe7 26. Ra8 e5 27. Qa1 Be6 28. Ne2 $1 Qd6 29. Ra7 Rf7 30. Ra6 Bd7 31. Ng3 g6 32. Ne2 Kg7 33. Ng1 Kh6 34. Qc1 ({White should play} 34. Be2 $14) 34... e4 $11 35. Be2 f4 36. exf4 Qxf4 37. Qa1 Qf6 {Threatens to win with ...Qxa1.} 38. Qc1+ Qf4 39. Qc5 Qf2 $36 {[%mdl 2048] Black fights for an advantage.} 40. Qc3 d4 41. Qd2+ Kg7 {Hoping for ...d3.} 42. Ra7 $2 (42. Qb4 $11 {and White has nothing to worry.} d3 43. Bd1) 42... c5 $2 (42... d3 $1 $19 43. Qc3+ Qf6) 43. Qc1 $2 {[%mdl 8192]} (43. Qc2 $1 $11 c4 44. Qxc4) 43... d3 $1 $19 {[%cal Rd3e2]} 44. Bd1 Qd4 45. Bb3 {[#]} c4 (45... Be6 $142 $1 {[%mdl 512]} 46. Rxf7+ (46. Bxe6 Rxa7) 46... Bxf7) 46. Bxc4 $2 {[#]} (46. Qxc4 Qxc4 47. Bxc4) 46... d2 $1 {[%cal Rd2c1]} ({Less strong is} 46... Qxa7 47. Bxf7 Kxf7 48. Qc4+ Kf6 49. Qxe4 $17) 47. Qd1 Qxa7 $2 (47... Rf2 $19 {is more deadly.} 48. Rc7 Kh6 49. Rxd7 Qxd7) 48. Bxf7 $17 {[#]} Kxf7 (48... e3 $1 $17 49. Bb3 Qa3) 49. Qxd2 $15 e3 (49... Bc6 $17 {With the idea ...e3.} 50. Qc3 Qa8) 50. Qc3 Qb6 51. h3 Bc6 52. Qh8 {The position is equal.} h5 53. Qh7+ Kf6 54. Qh8+ Kf7 55. Qh7+ Kf6 56. Qh8+ Ke6 57. Qg8+ {[%mdl 64] Double Attack} Kf6 58. Qh8+ {Whites escaped into a draw. Accuracy: White = 79%, Black = 73%.} 1/2-1/2

[Event "GrandMasters Battle Tournament"]
[Site "Mustafa Kemal Atatürk"]
[Date "2020.06.28"]
[Round "11"]
[White "Jitanu"]
[Black "Choppers"]
[Result "1/2-1/2"]
[WhiteElo "1860"]
[BlackElo "1913"]
[Annotator "TA"]
[PlyCount "99"]
[EventDate "2020.06.28"]
[EventType "swiss (rapid)"]

{[%evp 23,99,10,10,9,17,12,22,0,0,0,21,14,38,32,35,0,0,0,21,13,22,22,60,16,52,19,25,9,154,162,158,141,137,131,210,165,152,116,159,159,213,9,9,0,78,80,73,11,11,0,9,0,0,0,0,0,0,0,0,-1,-1,-1,0,0,0,0,0,0,0,0,0,0,0,0,0,0,0,0]} 1. d4 Nf6 2. c4 e6 3. Nc3 Bb4 4. e3 O-O 5. Bd3 c5 6. Nf3 d5 7. O-O dxc4 8. Bxc4 cxd4 9. exd4 b6 10. Bg5 Bb7 11. Qe2 Bxc3 12. bxc3 Nbd7 13. Nd2 {13.Rac1 is a critical line. E54: Nimzo-Indian: Rubinstein: Main Line: 7...dxc4 8 Bxc4.} Qc7 14. Rfc1 {[#]} Rfe8 $146 ({Predecessor:} 14... Nd5 15. Bb5 N7f6 16. Ne4 Nxe4 17. Qxe4 h6 18. Bd2 Nf6 19. Qh4 Ne4 20. Be3 Qd8 21. Qxd8 Rfxd8 {½-½ (64) Demakov,V (2436)-Nemtsev,S (2370) ICCF email 2014}) 15. Bb3 Rac8 16. f3 h6 17. Bh4 Nd5 18. Bg3 e5 19. Bxd5 Bxd5 20. c4 $36 {[%mdl 2048] Black is under pressure.} Bb7 21. a4 Qd6 22. d5 Qg6 23. Bf2 Nc5 24. Bxc5 Rxc5 25. a5 Rec8 (25... Rxa5 $11 {keeps the balance.} 26. Rxa5 bxa5) 26. axb6 $16 ({Don't take} 26. Qxe5 $6 Bxd5 27. Nb3 f6 $14) 26... axb6 27. Rcb1 ({Much less strong is} 27. Qxe5 $6 Bxd5 28. Nb3 f6 $14) 27... b5 28. Qxe5 Ba6 (28... Ba8 $16 {might work better.} 29. h3 (29. Rxb5 Rxb5 30. cxb5 Qb6+ {[%mdl 64] Double Attack} 31. Kh1 Qxb5 $11) 29... Kh7) 29. Ne4 Rxc4 30. Qd6 {[#] And now Qxg6 would win.} Ra4 31. Qxg6 fxg6 32. Rxa4 $2 (32. d6 $18) 32... bxa4 {[%mdl 4096] Endgame KRB-KRN} 33. Ra1 Rd8 (33... Rc4 $11) 34. Rxa4 Bb7 {[#]} 35. Nc5 ({White should play} 35. Nc3 $1 $16) 35... Bxd5 $11 {The position is equal.} 36. Rd4 Kf7 37. Nd3 {Hoping for Nf4.} Ke7 38. Nf4 Bf7 39. Rxd8 Kxd8 {KB-KN} 40. Kf2 g5 41. Nd3 Ke7 42. Ne5 Kf6 43. Nxf7 Kxf7 {K3P-K3P} 44. Ke3 Ke6 45. Ke4 g6 46. g4 Kd6 47. Kd4 Ke6 48. Ke4 Kd6 49. Kd4 Ke6 50. Ke4 {Black defended with fortune. Accuracy: White = 79%, Black = 75%.} 1/2-1/2

[Event "GrandMasters Battle Tournament"]
[Site "Mustafa Kemal Atatürk"]
[Date "2020.06.28"]
[Round "12"]
[White "Choppers"]
[Black "Jitanu"]
[Result "1/2-1/2"]
[WhiteElo "1908"]
[BlackElo "1867"]
[PlyCount "159"]
[EventDate "2020.06.28"]
[EventType "swiss (rapid)"]

1. d4 {[%emt 0:00:01]} d5 {[%emt 0:00:01]} 2. c4 {[%emt 0:00:01]} e6 {[%emt 0:00:01]} 3. Nc3 {[%emt 0:00:06]} c6 {[%emt 0:00:02]} 4. e3 {[%emt 0:00:03]} Nf6 {[%emt 0:00:03]} 5. Nf3 {[%emt 0:00:02]} a6 {[%emt 0:00:01]} 6. b3 {[%emt 0:00:01]} Bb4 {[%emt 0:00:02]} 7. Bd2 {[%emt 0:00:01]} Nbd7 {[%emt 0:00:02]} 8. Bd3 {[%emt 0:00:04]} Qe7 {[%emt 0:00:01]} 9. O-O {[%emt 0:00:03]} O-O {[%emt 0:00:01]} 10. Bc2 {[%emt 0:00:01]} e5 {[%emt 0:04:35]} 11. Nxd5 {[%emt 0:00:14]} cxd5 {[%emt 0:00:16]} 12. Bxb4 {[%emt 0:00:02]} Qxb4 {[%emt 0:00:04]} 13. dxe5 {[%emt 0:00:01]} Ng4 {[%emt 0:03:44]} 14. Qd4 {[%emt 0:00:04]} Ndxe5 {[%emt 0:01:49]} 15. Nxe5 {[%emt 0:00:23]} Nxe5 {[%emt 0:00:00]} 16. Qxe5 {[%emt 0:00:02]} dxc4 {[%emt 0:00:01]} 17. a3 {[%emt 0:05:11]} Qb5 {[%emt 0:01:28]} 18. Qe4 {[%emt 0:00:03]} g6 {[%emt 0:00:01]} 19. bxc4 {[%emt 0:00:58]} Qa5 {[%emt 0:00:37]} 20. Qe7 {[%emt 0:00:45]} Be6 {[%emt 0:00:23]} 21. Rfc1 {[%emt 0:00:17]} Rac8 {[%emt 0:01:13]} 22. Bd3 {[%emt 0:00:14]} b5 {[%emt 0:01:35]} 23. c5 {[%emt 0:01:05]} Qd8 {[%emt 0:00:33]} 24. Qxd8 {[%emt 0:02:54]} Rfxd8 {[%emt 0:00:00]} 25. Rc3 {[%emt 0:00:11]} Kf8 {[%emt 0:00:10]} 26. Rac1 {[%emt 0:00:17]} Rc7 {[%emt 0:00:09]} 27. f4 {[%emt 0:03:24]} Rb8 {[%emt 0:01:21]} 28. c6 {[%emt 0:00:34]} Rb6 {[%emt 0:00:14]} 29. Rc5 {[%emt 0:00:14]} Ke7 {[%emt 0:00:08]} 30. Kf2 {[%emt 0:00:54]} Kd6 {[%emt 0:00:21]} 31. Be4 {[%emt 0:00:04]} b4 {[%emt 0:00:57]} 32. axb4 {[%emt 0:00:20]} Rxb4 {[%emt 0:00:01]} 33. Bf3 {[%emt 0:00:03]} Rb5 {[%emt 0:00:03]} 34. R5c3 {[%emt 0:00:08]} f5 {[%emt 0:00:31]} 35. Rd1+ {[%emt 0:00:30]} Ke7 {[%emt 0:00:02]} 36. Ra1 {[%emt 0:00:00]} a5 {[%emt 0:00:03]} 37. Rca3 {[%emt 0:00:02]} Ra7 {[%emt 0:00:18]} 38. Rc1 {[%emt 0:00:11]} Rc7 {[%emt 0:00:04]} 39. Be2 {[%emt 0:00:45]} Rd5 {[%emt 0:00:22]} 40. Ke1 {[%emt 0:00:32]} h6 {[%emt 0:00:08]} 41. Bf3 {[%emt 0:00:41]} Rb5 {[%emt 0:00:02]} 42. Be2 {[%emt 0:00:02]} Rd5 {[%emt 0:00:02]} 43. h3 {[%emt 0:00:16]} Rd6 {[%emt 0:00:02]} 44. Bb5 {[%emt 0:00:23]} Bd5 {[%emt 0:00:02]} 45. g4 {[%emt 0:00:16]} Be4 {[%emt 0:00:48]} 46. Rxa5 {[%emt 0:00:01]} Rd5 {[%emt 0:00:16]} 47. Rc3 {[%emt 0:00:02]} Kf6 {[%emt 0:00:02]} 48. Rb3 {[%emt 0:00:09]} g5 {[%emt 0:00:02]} 49. Ra8 {[%emt 0:00:04]} Rc5 {[%emt 0:00:02]} 50. gxf5 {[%emt 0:00:22]} gxf4 {[%emt 0:00:02]} 51. exf4 {[%emt 0:00:02]} Bxc6 {[%emt 0:00:03]} 52. Bxc6 {[%emt 0:00:18]} R7xc6 {[%emt 0:00:02]} 53. Rf8+ {[%emt 0:00:02]} Kg7 {[%emt 0:00:02]} 54. Rbb8 {[%emt 0:00:06]} Rc2 {[%emt 0:00:08]} 55. Rg8+ {[%emt 0:00:11]} Kf6 {[%emt 0:00:05]} 56. Rbf8+ {[%emt 0:00:12]} Ke7 {[%emt 0:00:01]} 57. Re8+ {[%emt 0:00:24]} Kf6 {[%emt 0:00:04]} 58. Rgf8+ {[%emt 0:00:08]} Kg7 {[%emt 0:00:03]} 59. Kd1 {[%emt 0:00:02]} Rf2 {[%emt 0:00:43]} 60. Rg8+ {[%emt 0:00:15]} Kf7 {[%emt 0:00:03]} 61. Ref8+ {[%emt 0:00:01]} Ke7 {[%emt 0:00:04]} 62. Ra8 {[%emt 0:00:14]} Rxf4 {[%emt 0:01:02]} 63. Ra7+ {[%emt 0:00:06]} Kd6 {[%emt 0:00:02]} 64. Rg6+ {[%emt 0:00:02]} Kd5 {[%emt 0:00:01]} 65. Rd7+ {[%emt 0:00:27]} Kc5 {[%emt 0:00:01]} 66. Rd3 {[%emt 0:00:02]} Rxg6 {[%emt 0:00:11]} 67. fxg6 {[%emt 0:00:01]} Rf1+ {[%emt 0:00:01]} 68. Ke2 {[%emt 0:00:01]} Rg1 {[%emt 0:00:00]} 69. Kf2 {[%emt 0:00:15]} Rxg6 {[%emt 0:00:03]} 70. Rg3 {[%emt 0:00:01]} Rxg3 {[%emt 0:00:02]} 71. Kxg3 {[%emt 0:00:01]} Kd6 {[%emt 0:00:00]} 72. Kg4 {[%emt 0:00:01]} Ke7 {[%emt 0:00:00]} 73. Kh5 {[%emt 0:00:01]} Kf7 {[%emt 0:00:01]} 74. Kxh6 {[%emt 0:00:00]} Kg8 {[%emt 0:00:00]} 75. Kg6 {[%emt 0:00:01]} Kh8 {[%emt 0:00:01]} 76. h4 {[%emt 0:00:00]} Kg8 {[%emt 0:00:01]} 77. h5 {[%emt 0:00:00]} Kh8 {[%emt 0:00:00]} 78. h6 {[%emt 0:00:00]} Kg8 {[%emt 0:00:00]} 79. h7+ {[%emt 0:00:00]} Kh8 {[%emt 0:00:00]} 80. Kh6 {[%emt 0:00:01] (Lag: Av=0.85s, max=1.4s)} 1/2-1/2

[Event "GrandMasters Battle Tournament"]
[Site "Mustafa Kemal Atatürk"]
[Date "2020.06.29"]
[Round "13"]
[White "Jitanu"]
[Black "Choppers"]
[Result "1/2-1/2"]
[WhiteElo "1872"]
[BlackElo "1905"]
[Annotator "TA"]
[PlyCount "130"]
[EventDate "2020.06.29"]
[EventType "swiss (rapid)"]

{[%evp 24,130,0,0,0,0,7,-8,-13,-9,-14,-10,-8,-16,-12,-40,-36,-31,-46,-88,-8,-98,-35,-47,-52,-50,-35,-35,-30,-65,-65,-65,-68,-80,-81,-83,-56,-62,-43,-43,-43,-44,-43,-46,-34,-42,-37,-37,-11,-11,-11,-37,-37,-70,-70,-70,-90,-75,-50,-50,0,-35,-46,-54,-11,-11,-11,-11,-11,-11,-11,-67,-11,-11,-11,-28,0,-11,-11,-11,-11,-11,-8,-8,-8,-8,-8,-8,0,0,0,0,0,0,0,0,0,0,0,0,0,0,0,0,0,0,0,0,0]} 1. d4 Nf6 2. c4 e6 3. Nc3 Bb4 4. e3 O-O 5. Bd3 c5 6. Nf3 d5 7. O-O dxc4 8. Bxc4 cxd4 9. exd4 b6 10. Bg5 Bb7 11. Qe2 Bxc3 12. bxc3 Nbd7 13. Ne5 Rc8 $1 {[%mdl 4] is currently scoring better than 13...Qc7. 13...Qc7 is not played anymore. E54: Nimzo-Indian: Rubinstein: Main Line: 7...dxc4 8 Bxc4.} 14. Rac1 Qc7 {[#] ...Nxe5 is the strong threat.} 15. Bd3 Nxe5 16. dxe5 Qc6 {[%csl Gb7][%cal Rc6g2]} 17. f3 Qc5+ 18. Kh1 h6 {[#]} 19. Bh4 $146 ({Predecessor:} 19. Bd2 Nd7 20. Rfe1 Rfd8 21. Bf4 Nf8 22. Bg3 Rd7 23. Bf2 Qa3 24. Bb5 Rdd8 25. Qc2 {0-1 (39) Zenyuk,I (2243)-Zatonskih,A (2466) Saint Louis 2013}) 19... Nd5 20. Qe4 {[%csl Gd3][%cal Re4h7] [#]} g6 21. Bf2 Qe7 (21... Qa3 $17) 22. Bd4 (22. c4 $11 Nb4 23. Qe3) 22... Nb4 (22... Nxc3 $17 23. Qe3 Nxa2 24. Rxc8 Rxc8 25. Qxh6 Nb4) 23. Qe3 $15 Nxd3 24. Qxd3 Rfd8 25. Qe3 Kg7 26. a4 Rc4 27. Ra1 Rd5 28. Ra2 Ra5 29. Rfa1 Bc6 30. h3 Rcxa4 31. Rxa4 Rxa4 32. Rxa4 Bxa4 33. Kh2 Bb3 34. Kg3 Bd5 35. h4 h5 36. Qf4 Kf8 37. Qh6+ Ke8 38. Qh8+ Qf8 39. Qxf8+ Kxf8 {[%mdl 4096] Endgame KB-KB} 40. Kf4 Ke8 41. Kg5 Kf8 42. Be3 Ke7 43. Bd4 Bc6 44. Be3 Kd8 45. Kf6 Ke8 46. Kg5 Bb7 47. Bd4 (47. c4 $11) 47... Bd5 (47... Ba6 $1 $15) 48. Be3 $11 Bc6 49. Bd4 Bd5 50. Be3 $1 {The position is equal.} Kf8 51. Bd4 Kg7 52. Be3 Bc4 53. g4 Be2 54. gxh5 gxh5 55. Kxh5 Bxf3+ 56. Kg5 Be4 57. h5 Bf3 58. h6+ Kg8 59. Kf6 Be4 60. Ke7 Bg6 61. Kf6 Kh7 62. Kg5 Bd3 63. Kf6 Bg6 64. Kg5 Bd3 65. Kf6 Bg6 {Accuracy: White = 79%, Black = 83%.} 1/2-1/2

[Event "GrandMasters Battle Tournament"]
[Site "Mustafa Kemal Atatürk"]
[Date "2020.06.29"]
[Round "14"]
[White "Choppers"]
[Black "Jitanu"]
[Result "1-0"]
[WhiteElo "1903"]
[BlackElo "1876"]
[Annotator "TA"]
[PlyCount "59"]
[EventDate "2020.06.29"]
[EventType "swiss (rapid)"]

{[%evp 9,59,33,41,22,40,35,39,25,30,0,20,-24,-24,-70,-48,-95,-100,-97,-105,-65,-45,-40,-38,-42,-34,-27,-27,-64,-65,-39,-54,-48,-61,-55,-80,-99,-85,-104,-14,-134,-130,-74,-107,-119,-6,0,1361,1329,29989,29990,29990,29991]} 1. d4 d5 2. c4 e6 3. Nc3 c6 4. e3 Bd6 5. Nf3 f5 6. Be2 {A84: Dutch Defence: 2 c4 Miscellaneous.} Nd7 7. Qc2 Nh6 8. h3 {White is slightly better.} O-O {[#]} 9. g4 $146 ({Predecessor:} 9. O-O Nf6 10. Ne5 Ne4 11. f4 Ng3 12. Rd1 Nxe2+ 13. Nxe2 Nf7 14. a4 a5 15. b3 {1-0 (64) Groot,P (2133)-Kurbasov,S (2128) ICCF email 2017}) 9... Kh8 10. Bd2 dxc4 11. e4 b5 {[%cal Bb7b5,Bb5b4][%mdl 32]} 12. O-O-O b4 ({Stronger than} 12... fxg4 13. hxg4 b4 14. Bxh6 $16) 13. Na4 c3 {Threatens to win with ...fxe4.} 14. bxc3 bxc3 15. Bxc3 Rb8 16. gxf5 exf5 17. e5 Ba3+ 18. Kd2 Nb6 19. Nxb6 axb6 20. Ke1 Be6 21. d5 Bxd5 22. Rg1 Qe7 23. Kf1 Rb7 (23... Ng8 $17 24. Ng5 h6) 24. Qa4 (24. Ng5 $1 $11) 24... Ra7 25. Qf4 {Black should prevent e6!} Bc5 ({Not} 25... Bxa2 26. e6 $1 $16 {[%mdl 512]}) 26. Ng5 {[#]} Rxa2 {[#]} (26... Ng4 $1 $17 {[%mdl 512]} 27. hxg4 (27. Bxg4 fxg4) 27... fxg4 28. Qxg4 Bxf2) 27. e6 $1 $11 {[%mdl 512]} Rg8 $2 {[%mdl 8192]} (27... Ng8 $11 28. Ra1 Bd6) (27... Bxe6 28. Nxe6) 28. Qh4 $18 {White threatens Qxh6 and mate.} Rxe2 29. Qxh6 {[%csl Gg5][%cal Rh6h7]} Rxf2+ 30. Ke1 {Accuracy: White = 74%, Black = 68%.} 1-0

[Event "GrandMasters Battle Tournament"]
[Site "Mustafa Kemal Atatürk"]
[Date "2020.06.29"]
[Round "15"]
[White "Jitanu"]
[Black "Choppers"]
[Result "1/2-1/2"]
[WhiteElo "1844"]
[BlackElo "1922"]
[PlyCount "75"]
[EventDate "2020.06.29"]
[EventType "swiss (rapid)"]

1. d4 {[%emt 0:00:01]} Nf6 {[%emt 0:00:01]} 2. c4 {[%emt 0:00:01]} e6 {[%emt 0:00:01]} 3. Nc3 {[%emt 0:00:01]} Bb4 {[%emt 0:00:01]} 4. Qc2 {[%emt 0:00:01]} O-O {[%emt 0:00:07]} 5. e4 {[%emt 0:00:02]} d5 {[%emt 0:00:03]} 6. e5 {[%emt 0:00:01]} Ne4 {[%emt 0:00:01]} 7. a3 {[%emt 0:00:04]} Bxc3+ {[%emt 0:00:35]} 8. bxc3 {[%emt 0:00:00]} c5 {[%emt 0:00:54]} 9. Bd3 {[%emt 0:00:03]} cxd4 {[%emt 0:01:56]} 10. cxd4 {[%emt 0:00:22]} Qa5+ {[%emt 0:00:12]} 11. Kf1 {[%emt 0:00:10]} Nc6 {[%emt 0:01:37]} 12. Ne2 {[%emt 0:00:19]} f6 {[%emt 0:00:30]} 13. Bxe4 {[%emt 0:00:15]} dxe4 {[%emt 0:00:03]} 14. exf6 {[%emt 0:00:01]} Qf5 {[%emt 0:00:58]} 15. Be3 {[%emt 0:00:27]} Qxf6 {[%emt 0:00:23]} 16. Rd1 {[%emt 0:02:16]} b6 {[%emt 0:00:42] Choppers reconnected.} 17. Qxe4 {[%emt 0:06:43]} Bb7 {[%emt 0:00:10]} 18. Kg1 {[%emt 0:03:05]} Rad8 {[%emt 0:03:49]} 19. Qc2 {[%emt 0:00:25]} Ne5 {[%emt 0:01:37]} 20. Nf4 {[%emt 0:02:37]} Nf3+ {[%emt 0:01:50]} 21. gxf3 {[%emt 0:00:10]} Bxf3 {[%emt 0:00:00]} 22. Ne2 {[%emt 0:01:05]} Qh4 {[%emt 0:00:20]} 23. h3 {[%emt 0:00:11]} Bxh1 {[%emt 0:00:37]} 24. Kxh1 {[%emt 0:00:03]} Qxh3+ {[%emt 0:00:21]} 25. Kg1 {[%emt 0:00:02]} Rf6 {[%emt 0:00:53]} 26. Qe4 {[%emt 0:00:13]} Rdf8 {[%emt 0:01:11]} 27. Ng3 {[%emt 0:00:49]} Rg6 {[%emt 0:00:03]} 28. d5 {[%emt 0:00:04]} Rxg3+ {[%emt 0:00:11]} 29. fxg3 {[%emt 0:00:00]} Qxg3+ {[%emt 0:00:00]} 30. Kh1 {[%emt 0:00:01]} Qh3+ {[%emt 0:00:18]} 31. Kg1 {[%emt 0:00:01]} Qg3+ {[%emt 0:00:34]} 32. Kh1 {[%emt 0:00:03]} Qh3+ {[%emt 0:00:17]} 33. Kg1 {[%emt 0:00:03]} Rf6 {[%emt 0:00:01]} 34. d6 {[%emt 0:00:37]} Qg3+ {[%emt 0:00:02]} 35. Kh1 {[%emt 0:00:03]} Qh3+ {[%emt 0:00:05]} 36. Kg1 {[%emt 0:00:02]} Qg3+ {[%emt 0:00:23]} 37. Kh1 {[%emt 0:00:01]} Qh3+ {[%emt 0:00:07]} 38. Kg1 {[%emt 0:00:01] (Lag: Av=0.91s, max=1.2s)} 1/2-1/2

[Event "GrandMasters Battle Tournament"]
[Site "Mustafa Kemal Atatürk"]
[Date "2020.06.29"]
[Round "16"]
[White "Choppers"]
[Black "Jitanu"]
[Result "0-1"]
[WhiteElo "1918"]
[BlackElo "1851"]
[PlyCount "68"]
[EventDate "2020.06.29"]
[EventType "swiss (rapid)"]

1. d4 {[%emt 0:00:02]} d5 {[%emt 0:00:01]} 2. c4 {[%emt 0:00:01]} e6 {[%emt 0:00:01]} 3. Nc3 {[%emt 0:00:03]} c6 {[%emt 0:00:01]} 4. e3 {[%emt 0:00:01]} Bd6 {[%emt 0:00:01]} 5. Nf3 {[%emt 0:00:01]} f5 {[%emt 0:00:01]} 6. Ne5 {[%emt 0:00:02]} Nf6 {[%emt 0:00:25]} 7. Be2 {[%emt 0:00:02]} O-O {[%emt 0:00:02]} 8. O-O {[%emt 0:00:01]} b6 {[%emt 0:03:17]} 9. Rb1 {[%emt 0:00:02]} a5 {[%emt 0:00:31]} 10. a3 {[%emt 0:00:57]} Ba6 {[%emt 0:01:12]} 11. b4 {[%emt 0:01:32]} axb4 {[%emt 0:00:04]} 12. axb4 {[%emt 0:00:00]} Bxc4 {[%emt 0:00:02]} 13. Nxc4 {[%emt 0:01:09]} dxc4 {[%emt 0:00:03]} 14. Bxc4 {[%emt 0:00:21]} Nd5 {[%emt 0:00:55]} 15. Bd2 {[%emt 0:01:56]} b5 {[%emt 0:00:05]} 16. Bb3 {[%emt 0:01:07]} Nd7 {[%emt 0:00:17]} 17. Ne2 {[%emt 0:01:23]} N7f6 {[%emt 0:00:34]} 18. Qc2 {[%emt 0:00:24]} Qc7 {[%emt 0:03:14]} 19. g3 {[%emt 0:00:14]} g5 {[%emt 0:01:10]} 20. Rbc1 {[%emt 0:01:28]} Rac8 {[%emt 0:00:31]} 21. f3 {[%emt 0:00:21]} g4 {[%emt 0:03:43]} 22. fxg4 {[%emt 0:00:04]} Nxg4 {[%emt 0:00:28]} 23. e4 {[%emt 0:00:02]} Nge3 {[%emt 0:00:06]} 24. Bxe3 {[%emt 0:00:36]} Nxe3 {[%emt 0:00:00]} 25. Bxe6+ {[%emt 0:00:21]} Kh8 {[%emt 0:00:29]} 26. Qc3 {[%emt 0:01:43]} Nxf1 {[%emt 0:00:05]} 27. Bxc8 {[%emt 0:01:20]} fxe4 {[%emt 0:00:21]} 28. Bh3 {[%emt 0:01:05]} Nxh2 {[%emt 0:00:10]} 29. Kxh2 {[%emt 0:01:28]} Rf2+ {[%emt 0:00:03]} 30. Kg1 {[%emt 0:00:24]} Rxe2 {[%emt 0:00:03]} 31. Bf1 {[%emt 0:00:16]} Bxb4 {[%emt 0:00:34]} 32. Qb3 {[%emt 0:00:13]} e3 {[%emt 0:00:25]} 33. Bxe2 {[%emt 0:01:42]} Qxg3+ {[%emt 0:00:06]} 34. Kh1 {[%emt 0:00:01]} Bd6 {[%emt 0:00:13] Choppers terk eder (Lag: Av=1.09s, max=9.4s)} 0-1